000 00350 a2200157 4500
001 186994
020 _a978-1-4050-7608-1
040 _cMagnum
100 _aTwain, Mark
240 1 0 _aThe adventures of Tom Sawyer
_lING
245 1 0 _aThe adventures of Tom Sawyer
300 _a71
362 0 _a2005
697 _aLITERATURA INGLESA
942 _cBK
999 _c186994
_d186994